Biblioteca y Centro de Documentación

Marées noires (Registro nro. 33210)

Detalles MARC
000 -CABECERA
Longitud fija campo de control 00923naa a2200277 c 4500
001 - NÚMERO DE CONTROL
Número de control 33210
003 - IDENTIFICADOR DE NÚMERO DE CONTROL
Identificador del número de control ES-MaCES
005 - FECHA Y HORA DE LA ÚLTIMA TRANSACCIÓN
Fecha y hora de la última transacción 20150929131154.0
008 - CAMPO FIJO DE DESCRIPCIÓN FIJA--INFORMACIÓN GENERAL
Códigos de información de longitud fija   030519n20032002fr t 000 | fre d
035 ## - NÚMERO DE CONTROL DEL SISTEMA
Número de control del sistema CES20030001146v
040 ## - FUENTE DE CATALOGACIÓN
Centro catalogador de origen ES-MaCES
Lengua de catalogación spa
Centro transcriptor ES-MaCES
100 1# - ENCABEZAMIENTO PRINCIPAL--NOMBRE PERSONAL
Nombre de persona Hay, Julien
9 (RLIN) 14548
245 10 - MENCIÓN DE TÍTULO
Título Marées noires
Resto del título : quel coût économique?
Mención de responsabilidad, etc. Julien Hay et Oliver Thébaud
504 ## - NOTA DE BIBLIOGRAFÍA, ETC.
Nota de bibliografía, etc. Bibliografía
650 #4 - ASIENTO SECUNDARIO DE MATERIA--TÉRMINO DE MATERIA
Término de materia o nombre geográfico como elemento inicial España
9 (RLIN) 26964
650 #4 - ASIENTO SECUNDARIO DE MATERIA--TÉRMINO DE MATERIA
Término de materia o nombre geográfico como elemento inicial coste social
9 (RLIN) 28740
650 #4 - ASIENTO SECUNDARIO DE MATERIA--TÉRMINO DE MATERIA
Término de materia o nombre geográfico como elemento inicial protección ambiental
9 (RLIN) 29423
650 #4 - ASIENTO SECUNDARIO DE MATERIA--TÉRMINO DE MATERIA
Término de materia o nombre geográfico como elemento inicial contaminación del mar
9 (RLIN) 29748
653 10 - TÉRMINO DE INDEXACIÓN--NO CONTROLADO
Término no controlado Medio ambiente
650 #4 - ASIENTO SECUNDARIO DE MATERIA--TÉRMINO DE MATERIA
9 (RLIN) 27071
Término de materia o nombre geográfico como elemento inicial evaluación económica
700 1# - ENCABEZAMIENTO SECUNDARIO--NOMBRE PERSONAL
Nombre de persona Thébaud, Oliver
9 (RLIN) 24835
773 0# - ENTRADA DE DOCUMENTO FUENTE
Título Problèmes économiques
Parte(s) relacionada(s) nº 2800 (12 mars 2003){10191 R. 050955}; p. 20-27
Número de control del registro relacionado (ES-MaCES)25207
Itemnumber del ítem fuente 42345
902 ## - CES. TIPO DE DOCUMENTO
Tipodoc (006$c Sirtex) ART Artículo de revista
942 ## - ELEMENTOS KOHA
Fuente de clasificaión o esquema Clasificación propia del CES
Koha [por defecto] tipo de item Artículos (1982-2017)
Parte de clasificación 4.2.

No hay ítems disponibles.

© CES, Consejo Económico y Social de España 2021